| 000 | 00396nam a22001337a 4500 | ||
|---|---|---|---|
| 999 |
_c8590 _d8590 |
||
| 008 | 200319b ||||| |||| 00| 0 eng d | ||
| 020 | _a9788185731810 | ||
| 100 | _aRaghavendra, N.M. | ||
| 245 | _aLaboratory Manual of Pharmaceutical Organic Chemistry | ||
| 250 | _a1st/e, Reprint 2020 | ||
| 260 |
_aNew Delhi _bVallabh Prakashan |
||
| 650 | _aPharmaceutical Organic Chemisty | ||
| 942 |
_2ddc _cBK _02 |
||